| 000 | 01130nam a22002777a 4500 | ||
|---|---|---|---|
| 003 | OSt | ||
| 005 | 20250820152225.0 | ||
| 008 | 210913b2007 ck ||||er|||| 00| j spa d | ||
| 020 | _a9789588321332 | ||
| 040 |
_aCO-JMCR _cCO-JMCR |
||
| 041 | 0 | _aspa | |
| 082 | 0 | 4 |
_aA-C _bVARc _223 |
| 100 | 1 |
_aVargas Llosa, Mario, _eautor _940326 |
|
| 245 | 1 | 0 |
_aCuentos latinoamericanos V / _bMario Vargas Llosa, Felisberto Hernández , Salvador Garmendia |
| 260 |
_aBogotá : _bAlcaldía Mayor de Bogotá : Secretaria Distrital de Cultura, Recreación y Deporte, _c2007 |
||
| 300 |
_a59 páginas ; _c17 cm. |
||
| 490 | 0 |
_aLibro al viento ; _v40 |
|
| 505 | 0 |
_tEl desafío / _rMarío Vargas Llosa _tNadie encendía las lámparas / _rFelisberto Hernández _tUn sorbo de aire cálido / _rSalvador Garmendia |
|
| 650 | 1 | 4 |
_aCuentos latinoamericanos _ySiglo xx _940327 |
| 650 | 2 | 4 |
_aLiteratura latinoamericana _ySiglo xx _940323 |
| 650 | 2 | 4 |
_aHistorias de aventuras _940328 |
| 650 | 2 | 4 |
_aEmociones en la literatura _9610 |
| 700 | 1 |
_aHernández, Felisberto, _eautor _940329 |
|
| 700 | 1 |
_aGarmendia, Salvador, _eautor _940330 |
|
| 942 |
_2ddc _cBK |
||
| 999 |
_c15585 _d15585 |
||